La voluntad como requisito esencial del acto administrativo en la ley ("de Bases") 27.742 / (Registro nro. 6197)
[ vista simple ]
| 000 -LEADER | |
|---|---|
| fixed length control field | 01306nabaa22002297a 4500 |
| 003 - CONTROL NUMBER IDENTIFIER | |
| control field | OSt |
| 005 - DATE AND TIME OF LATEST TRANSACTION | |
| control field | 20260125195316.0 |
| 008 - FIXED-LENGTH DATA ELEMENTS--GENERAL INFORMATION | |
| fixed length control field | 190701b xxu||||| |||| 00| 0 spa d |
| 040 ## - CATALOGING SOURCE | |
| Transcribing agency | PJ |
| 100 ## - MAIN ENTRY--PERSONAL NAME | |
| 9 (RLIN) | 5281 |
| Personal name | Silva Tamayo, Gustavo E. |
| 245 13 - TITLE STATEMENT | |
| Title | La voluntad como requisito esencial del acto administrativo en la ley ("de Bases") 27.742 / |
| Statement of responsibility, etc | Gustavo E. Silva Tamayo. |
| 300 ## - PHYSICAL DESCRIPTION | |
| Extent | p. 247-258 |
| 500 ## - GENERAL NOTE | |
| General note | Cita: TR LALEY AR/DOC/2157/2024 |
| 505 ## - FORMATTED CONTENTS NOTE | |
| Formatted contents note | Sumario: I. Introducción.— II. ¿La voluntad orgánica es un fenómeno exclusivamente normativo que prescinde del dato psíquico?— III. ¿Es correcto hablar de "declaración" y de "vicios de la voluntad estatal"?— IV. Los vicios de la voluntad estatal en la actividad predominantemente discrecional.— V. Los vicios en el procedimiento de formación de la voluntad de un órgano colegiado.— VI. Conclusión. |
| 505 ## - FORMATTED CONTENTS NOTE | |
| Title | ¿Te interesa el texto completo? Comunicate al correo: koha@justierradelfuego.gov.ar |
| 650 #0 - SUBJECT ADDED ENTRY--TOPICAL TERM | |
| 9 (RLIN) | 211 |
| Topical term or geographic name as entry element | DERECHO ADMINISTRATIVO |
| 650 #0 - SUBJECT ADDED ENTRY--TOPICAL TERM | |
| 9 (RLIN) | 1135 |
| Topical term or geographic name as entry element | PROCEDIMIENTO ADMINISTRATIVO |
| 650 #0 - SUBJECT ADDED ENTRY--TOPICAL TERM | |
| 9 (RLIN) | 6931 |
| Topical term or geographic name as entry element | AUDIENCIAS PÚBLICAS |
| 650 #0 - SUBJECT ADDED ENTRY--TOPICAL TERM | |
| Topical term or geographic name as entry element | REFORMA DEL ESTADO |
| 9 (RLIN) | 3177 |
| 773 0# - HOST ITEM ENTRY | |
| Host Biblionumber | 2842 |
| Host Itemnumber | 3251 |
| Place, publisher, and date of publication | Buenos Aires : AbeledoPerrot, 2012- |
| Other item identifier | DA121 |
| Title | Derecho administrativo. Nº 155 septiembre/octubre 2024 |
| International Standard Book Number | 18510590 |
| 942 ## - ADDED ENTRY ELEMENTS (KOHA) | |
| Source of classification or shelving scheme | |
| Koha item type | Analítica Artículo de Revista |
No hay ítems disponibles.
